Municípios da Região Metropolitana de Toledo (PR) no mapa - Statistics

Estatísticas Gerais
  • Esse quiz foi jogado 44 vezes
  • A pontuação média é 10 de 18
Respostas no mapa
Respostas codificadas por cores de uma escala verde-vermelha no mapa do quiz de acordo com a % correta abaixo.
 
Estatísticas das Respostas
Município % Correto
Toledo
97%
Guaíra
79%
Marechal Cândido Rondon
76%
Assis Chateaubriand
74%
Terra Roxa
71%
Palotina
65%
Mercedes
56%
Santa Helena
56%
Tupãssi
56%
Quatro Pontes
50%
Entre Rios do Oeste
47%
Maripá
47%
Nova Santa Rosa
47%
Pato Bragado
47%
Ouro Verde do Oeste
41%
São Pedro do Iguaçu
38%
Diamante d'Oeste
32%
São José das Palmeiras
32%
Nenhum quiz correspondente encontrado
Distribuição das Pontuações
Porcentagem de Pessoas com Cada Pontuação
Percentil de Números Respondidos
Sua Pontuação Histórica
Você não jogou esse quiz